[Event "53rd World U20 ch"]
[Site "Pune IND"]
[Date "2014.10.16"]
[Round "10.53"]
[White "Siva, Mahadevan"]
[Black "Nazario, Marc Christian"]
[Result "1-0"]
[WhiteElo "2141"]
[BlackElo "2029"]
[EventDate "2014.10.06"]
[PlyCount "73"]

1.e4 e5 2.Nf3 Nf6 3.Nxe5 d6 4.Nf3 Nxe4 5.d4 d5 6.Bd3 Nc6 7.O-O Be7 8.c4 
Nb4 9.Be2 Bf5 10.a3 Nc6 11.Qb3 Na5 12.Qa4+ c6 13.c5 b5 14.Qd1 O-O 15.Bf4 
Bg4 16.a4 b4 17.Re1 Bxf3 18.Bxf3 f5 19.Be2 Bh4 20.Rf1 Bg5 21.Be5 Nc4 22.
Bxc4 dxc4 23.Qe2 Qd5 24.f3 Nxc5 25.f4 Nb3 26.fxg5 Nxa1 27.Rf4 Rae8 28.Rh4 
g6 29.Qe3 Rf7 30.Nd2 c5 31.Nf3 f4 32.Rxf4 cxd4 33.Rxd4 Rxf3 34.gxf3 Qxe5 
35.Re4 Qxe4 36.fxe4 Rc8 37.Qh3 1-0

[Event "53rd World U20 ch"]
[Site "Pune IND"]
[Date "2014.10.16"]
[Round "10.54"]
[White "Abhijith, M."]
[Black "Manush, Shah"]
[Result "0-1"]
[WhiteElo "2126"]
[BlackElo "2038"]
[EventDate "2014.10.06"]
[PlyCount "102"]

1.e4 c6 2.Nf3 d5 3.Nc3 Bg4 4.h3 Bxf3 5.Qxf3 e6 6.d3 Nd7 7.Bf4 d4 8.Ne2 e5 
9.Bd2 Qb6 10.Rb1 Ngf6 11.g4 g6 12.Bg2 Be7 13.O-O h5 14.g5 Nh7 15.h4 f6 16.
Qg3 fxg5 17.hxg5 Qd8 18.f4 exf4 19.Nxf4 Bd6 20.e5 Nxe5 21.Rbe1 O-O 22.Ne6 
Nf3+ 23.Qxf3 Rxf3 24.Nxd8 Rxf1+ 25.Kxf1 Rxd8 26.Re4 Bg3 27.Re7 Rf8+ 28.Kg1
Rf7 29.Re8+ Kg7 30.c3 Bf4 31.Be1 Be3+ 32.Kh1 Nxg5 33.c4 Nf3 34.Bg3 h4 35.
Bd6 g5 36.Bh3 Bf4 37.Ba3 Ne5 38.Be6 Nxd3 39.Bxf7 h3 40.Re7 Kf6 41.Bh5 Nf2+
42.Kg1 h2+ 43.Kxf2 h1=Q 44.Rf7+ Ke6 45.Re7+ Kf5 46.Rf7+ Ke4 47.Re7+ Kd3 
48.Be2+ Kc2 49.Bf3 Be3+ 50.Kg3 Qh4+ 51.Kg2 Qf2+ 0-1

[Event "53rd World U20 ch"]
[Site "Pune IND"]
[Date "2014.10.16"]
[Round "10.55"]
[White "Manigandan, S. S."]
[Black "Sudarshan, Malga"]
[Result "1/2-1/2"]
[WhiteElo "2099"]
[BlackElo "2007"]
[EventDate "2014.10.06"]
[PlyCount "186"]

1.d4 d5 2.Nf3 Nf6 3.c4 e6 4.g3 Bb4+ 5.Bd2 Be7 6.Bg2 O-O 7.O-O c6 8.Qc2 
Nbd7 9.Nc3 b6 10.Rfd1 Ba6 11.cxd5 cxd5 12.Qa4 Bb7 13.Qb3 Rc8 14.Rac1 a6 
15.a4 Bd6 16.Ne1 Qe7 17.Nd3 Rc4 18.e3 Rfc8 19.Be1 h6 20.Bf1 R4c7 21.Bg2 
Rc4 22.Rc2 Qd8 23.Rcc1 Qc7 24.Bf1 Qd8 25.Na2 Ne4 26.Bg2 Nef6 27.Bf3 Qe7 
28.Be2 Ne4 29.Ne5 Rxc1 30.Rxc1 Rxc1 31.Nxc1 Bxe5 32.dxe5 Qc5 33.Nd3 Qc6 
34.Nb4 Qc7 35.Nd3 Nec5 36.Qc3 Qc6 37.Bf3 Nxd3 38.Qxd3 Nxe5 39.Qd1 Nxf3+ 
40.Qxf3 Qxa4 41.Bc3 Bc6 42.Bd4 f6 43.Qe2 Bb5 44.Qe1 Qc2 45.b4 Qc6 46.Qc3 
Bc4 47.Qd2 e5 48.Bc3 Qd7 49.Kg2 Qf5 50.f3 e4 51.f4 Qg4 52.Qe1 Be2 53.Bd4 
Bf3+ 54.Kg1 Qe6 55.Qf1 b5 56.Qe1 h5 57.Bc5 Qh3 58.Qd2 Kh7 59.Bd4 Qc8 60.
Qc3 Qg4 61.Qe1 h4 62.Qf2 Be2 63.Bc3 Bd3 64.Be1 h3 65.Bd2 Qd1+ 66.Qe1 Qf3 
67.Qf2 Qd1+ 68.Qe1 Qg4 69.Qf2 Kg8 70.Qe1 Kf7 71.Qf2 Ke6 72.Be1 Kd6 73.Bd2 
f5 74.Be1 g6 75.Qb2 Qe2 76.Qf6+ Kd7 77.Qf7+ Kd8 78.Qxd5+ Ke8 79.Qe6+ Kd8 
80.Qd6+ Kc8 81.Qxa6+ Kb8 82.Qb6+ Ka8 83.Qd8+ Ka7 84.Qd4+ Ka8 85.Qa1+ Kb7 
86.Qg7+ Ka8 87.Qa1+ Kb7 88.Bf2 Qf3 89.Qg7+ Ka8 90.Qh8+ Kb7 91.Qg7+ Ka8 92.
Qh8+ Kb7 93.Qg7+ Ka8 1/2-1/2

[Event "53rd World U20 ch"]
[Site "Pune IND"]
[Date "2014.10.16"]
[Round "10.56"]
[White "Deepthamsh, Reddy M."]
[Black "Raja, Harshit"]
[Result "0-1"]
[WhiteElo "2071"]
[BlackElo "2000"]
[EventDate "2014.10.06"]
[PlyCount "68"]

1.d4 d5 2.c4 c6 3.Nf3 Nf6 4.e3 e6 5.b3 Nbd7 6.Bb2 Bd6 7.Nbd2 Qe7 8.Ne5 Ne4
9.Bd3 Nxd2 10.Qxd2 f6 11.Nxd7 Bxd7 12.e4 dxe4 13.Bxe4 O-O-O 14.O-O-O Be8 
15.Kb1 Bg6 16.Bxg6 hxg6 17.h3 g5 18.Qc2 Rhe8 19.Qg6 Bc7 20.h4 gxh4 21.Rxh4
Rh8 22.Re4 Qd7 23.Re3 Bf4 24.Re2 e5 25.Rde1 Rh6 26.Qe4 Rh5 27.g3 Bh6 28.
dxe5 fxe5 29.Bxe5 Bd2 30.Rd1 Rxe5 31.Qxe5 Qd3+ 32.Kb2 Bc3+ 33.Ka3 Qxd1 34.
Qf5+ Kb8 0-1

[Event "53rd World U20 ch"]
[Site "Pune IND"]
[Date "2014.10.16"]
[Round "10.57"]
[White "Doluweera, Minul Sanjula"]
[Black "Yashas, D."]
[Result "0-1"]
[WhiteElo "1827"]
[BlackElo "2159"]
[EventDate "2014.10.06"]
[PlyCount "68"]

1.d4 Nf6 2.c4 c5 3.Nf3 e6 4.g3 cxd4 5.Nxd4 a6 6.Bg2 Qc7 7.b3 Nc6 8.O-O Bc5
9.Bb2 O-O 10.e4 Qe5 11.Nd2 Bxd4 12.Nf3 Bxb2 13.Nxe5 Bxe5 14.Rc1 Bd4 15.h3 
e5 16.Kh2 g6 17.Qd2 Kg7 18.Bf3 d6 19.g4 h6 20.Kg3 Nd8 21.h4 Ne6 22.Rh1 Nf4
23.Rcd1 Bxg4 24.Qc2 N6h5+ 25.Kxg4 f5+ 26.exf5 gxf5+ 27.Qxf5 Rxf5 28.Kxf5 
Rf8+ 29.Kg4 b6 30.Bd5 Nf6+ 31.Kg3 N4xd5 32.cxd5 Ne4+ 33.Kg2 Rxf2+ 34.Kh3 
Rxa2 0-1

[Event "53rd World U20 ch"]
[Site "Pune IND"]
[Date "2014.10.16"]
[Round "10.58"]
[White "Nitish, Belurkar"]
[Black "Dhulipalla, Bala Chandra Prasad"]
[Result "1/2-1/2"]
[WhiteElo "2046"]
[BlackElo "2118"]
[EventDate "2014.10.06"]
[PlyCount "62"]

1.e4 Nc6 2.Nf3 d6 3.d4 Nf6 4.Nc3 Bg4 5.Be3 e5 6.d5 Ne7 7.h3 Bd7 8.Qd2 Ng6 
9.Be2 Be7 10.O-O-O O-O 11.g4 c5 12.g5 Nh5 13.h4 Ngf4 14.Nxe5 dxe5 15.d6 
Bxd6 16.Bxh5 Nxh5 17.Qxd6 Bg4 18.Qxc5 Bxd1 19.Rxd1 Qe8 20.Rd5 Qe6 21.Rxe5 
Qg4 22.Rd5 Qxh4 23.Qd6 b6 24.a4 Rac8 25.Kb1 Qh3 26.Qd7 Qh1+ 27.Ka2 Rxc3 
28.bxc3 Qxe4 29.Kb2 g6 30.Rd4 Qa8 31.Qd5 Qb8 1/2-1/2

[Event "53rd World U20 ch"]
[Site "Pune IND"]
[Date "2014.10.16"]
[Round "10.59"]
[White "Verhelst, Joris"]
[Black "Nader, Mohamed"]
[Result "1-0"]
[WhiteElo "2042"]
[BlackElo "2098"]
[EventDate "2014.10.06"]
[PlyCount "73"]

1.c4 g6 2.Nc3 Bg7 3.g3 e5 4.Bg2 Nc6 5.Nf3 f5 6.d3 Nf6 7.O-O O-O 8.Rb1 h6 
9.b4 d6 10.c5 Be6 11.a4 Qd7 12.b5 Ne7 13.Ba3 g5 14.b6 g4 15.Nd2 cxb6 16.
cxd6 Ned5 17.Nb5 a6 18.Nc7 Nc3 19.Qc2 Nxb1 20.Rxb1 Rab8 21.Rxb6 e4 22.dxe4
fxe4 23.Nxe4 Nxe4 24.Qxe4 Bf5 25.Qc4+ Kh8 26.Bxb7 Be5 27.Bc6 Rxb6 28.Bxd7 
Bxd7 29.e4 Rb1+ 30.Kg2 Rd1 31.Qc2 Re1 32.Bb4 Bxa4 33.Qxa4 Re2 34.Bc5 Rd2 
35.d7 Bd6 36.Bd4+ Kh7 37.Ne6 1-0

[Event "53rd World U20 ch"]
[Site "Pune IND"]
[Date "2014.10.16"]
[Round "10.60"]
[White "Ajay Krishna, S"]
[Black "Senthil, Maran K."]
[Result "1-0"]
[WhiteElo "2072"]
[BlackElo "2043"]
[EventDate "2014.10.06"]
[PlyCount "111"]

1.d4 Nf6 2.Nf3 d5 3.g3 Bf5 4.Bg2 e6 5.O-O c6 6.c4 Nbd7 7.Qb3 Qb6 8.c5 Qxb3
9.axb3 Bxb1 10.Rxb1 b6 11.b4 a5 12.bxa5 bxc5 13.dxc5 Bxc5 14.b4 Bd6 15.Bf4
Ke7 16.Rfc1 Rhc8 17.Bd2 Kd8 18.Rc2 Nb8 19.e3 Kd7 20.Ng5 Rf8 21.b5 cxb5 22.
Rxb5 Na6 23.Rb7+ Nc7 24.Bb4 Ne8 25.Bd2 h6 26.Nf3 Nf6 27.Bf1 Rfb8 28.Rb6 
Ne4 29.Be1 f6 30.Nd4 Bc5 31.Rc6 Bd6 32.Rc1 Ng5 33.a6 Nf7 34.Ba5 Rc8 35.
Bxc7 Rxc7 36.Bb5 Kc8 37.Nxe6 Rxc6 38.Bxc6 Ra7 39.Bb7+ Kd7 40.Nd4 Nd8 41.
Nb5 Rxb7 42.axb7 Nxb7 43.Rd1 Kc6 44.Nd4+ Kd7 45.Nb5 Ke6 46.Nc3 Nc5 47.Nxd5
g5 48.Kg2 Be5 49.f4 Bd6 50.fxg5 hxg5 51.h4 Ne4 52.h5 Bxg3 53.h6 Be5 54.h7 
f5 55.Nb6 Nd6 56.Rxd6+ 1-0

[Event "53rd World U20 ch"]
[Site "Pune IND"]
[Date "2014.10.16"]
[Round "10.61"]
[White "Grahesh, Y."]
[Black "Horton, Jamie"]
[Result "1/2-1/2"]
[WhiteElo "1919"]
[BlackElo "2064"]
[EventDate "2014.10.06"]
[PlyCount "85"]

1.c4 c5 2.Nf3 g6 3.g3 Bg7 4.Bg2 Nc6 5.Nc3 d6 6.O-O Bf5 7.e4 Bg4 8.h3 Bxf3 
9.Bxf3 e6 10.d3 Nge7 11.Be3 O-O 12.Qd2 a6 13.Bg2 Rb8 14.a4 Qb6 15.Kh2 Rbe8
16.f4 f5 17.g4 Kh8 18.Rab1 Qb4 19.Qc2 Qa5 20.Ra1 Qc7 21.Kh1 Rd8 22.Rae1 
Nb4 23.Qe2 Rfe8 24.Bf2 Qc8 25.Bh4 Nbc6 26.Qd1 Nd4 27.Bxe7 Rxe7 28.Ne2 Nc6 
29.Qd2 Rf7 30.Ng3 Nd4 31.Ne2 Nc6 32.Ng3 fxg4 33.hxg4 Bh6 34.g5 Bg7 35.Bh3 
Nd4 36.Ne2 Nc6 37.b3 Rdf8 38.Rf3 Qe8 39.Ref1 Ne5 40.R3f2 Nc6 41.Kg2 Qe7 
42.Bg4 Rb8 43.Rh1 1/2-1/2

[Event "53rd World U20 ch"]
[Site "Pune IND"]
[Date "2014.10.16"]
[Round "10.62"]
[White "Vandewiele, Emiel"]
[Black "Sai Agni Jeevitesh, J."]
[Result "0-1"]
[WhiteElo "1882"]
[BlackElo "2068"]
[EventDate "2014.10.06"]
[PlyCount "104"]

1.c4 e5 2.Nc3 Nc6 3.g3 d6 4.Bg2 g6 5.e4 Be6 6.Nd5 Nd4 7.Ne2 c6 8.Ne3 Qd7 
9.d3 Bg7 10.O-O Ne7 11.b3 O-O 12.Bb2 Bh3 13.Nxd4 exd4 14.Nc2 c5 15.Bc1 
Bxg2 16.Kxg2 f5 17.f3 h6 18.Bd2 g5 19.Qe2 Ng6 20.f4 gxf4 21.Bxf4 Rae8 22.
Qh5 Nxf4+ 23.Rxf4 fxe4 24.Qd5+ Qe6 25.Rxf8+ Bxf8 26.Qxe4 Qxe4+ 27.dxe4 
Rxe4 28.Re1 Rg4 29.Kf3 h5 30.Re4 Rg6 31.Ne1 Bh6 32.Nd3 Rf6+ 33.Ke2 Kf7 34.
b4 b6 35.b5 Bg5 36.Ne1 Be3 37.Nd3 Rf5 38.Ke1 Bg1 39.Rf4 Kg6 40.Rxf5 Kxf5 
41.h3 Be3 42.Ke2 Ke4 43.g4 hxg4 44.hxg4 d5 45.Nb2 dxc4 46.Nxc4 d3+ 47.Kd1 
Bf4 48.g5 Bxg5 49.a4 Kd5 50.Nb2 c4 51.a5 Kd4 52.axb6 axb6 0-1

[Event "53rd World U20 ch"]
[Site "Pune IND"]
[Date "2014.10.16"]
[Round "10.63"]
[White "Pranavananda, V."]
[Black "Wagh, Suyog"]
[Result "0-1"]
[WhiteElo "2136"]
[BlackElo "2001"]
[EventDate "2014.10.06"]
[PlyCount "42"]

1.e4 c5 2.d4 cxd4 3.c3 dxc3 4.Nxc3 Nc6 5.Nf3 d6 6.Bc4 a6 7.O-O Nf6 8.Bf4 
e5 9.Qb3 Na5 10.Bxf7+ Ke7 11.Qd1 Kxf7 12.Nxe5+ Kg8 13.Nf3 Be6 14.Nd4 Bf7 
15.Nf5 Nc4 16.Qf3 h6 17.b3 Ne5 18.Qh3 g6 19.Ne3 Qc8 20.Qh4 Qxc3 21.Qxf6 
Nf3+ 0-1

[Event "53rd World U20 ch"]
[Site "Pune IND"]
[Date "2014.10.16"]
[Round "10.64"]
[White "Stamos, Filippos"]
[Black "Taalaibekov, Tagir"]
[Result "1-0"]
[WhiteElo "2076"]
[BlackElo "1948"]
[EventDate "2014.10.06"]
[PlyCount "73"]

1.d4 e6 2.Nf3 f5 3.g3 b6 4.Bg2 Bb7 5.O-O Nf6 6.c4 g6 7.Nc3 Bg7 8.d5 exd5 
9.cxd5 O-O 10.Bf4 Na6 11.Rc1 c5 12.dxc6 dxc6 13.Qb3+ Kh8 14.Rfd1 Qe8 15.
Bd6 Rg8 16.Ng5 h6 17.Nf7+ Kh7 18.Ba3 Nd7 19.Nd6 Ndc5 20.Qc2 Qb8 21.b4 Ne6 
22.b5 Nac7 23.Nxb7 Qxb7 24.Bxc6 Qc8 25.Bxa8 Qxa8 26.Rd7 Ng5 27.f3 Nce6 28.
Kg2 Nd4 29.Qd1 Rd8 30.Rxd8 Qxd8 31.e3 Nde6 32.Qxd8 Nxd8 33.Nd5 Nge6 34.Rc8
Nb7 35.Ra8 Na5 36.Rxa7 Nc4 37.Nf6+ 1-0

[Event "53rd World U20 ch"]
[Site "Pune IND"]
[Date "2014.10.17"]
[Round "11.2"]
[White "Oparin, Grigory"]
[Black "Lu Shanglei"]
[Result "1/2-1/2"]
[WhiteElo "2552"]
[BlackElo "2533"]
[EventDate "2014.10.06"]
[PlyCount "95"]

1.e4 c5 2.Nf3 d6 3.d4 cxd4 4.Nxd4 Nf6 5.Nc3 g6 6.Be3 Bg7 7.f3 Nc6 8.Qd2 
O-O 9.g4 Nxd4 10.Bxd4 Be6 11.h4 Qa5 12.h5 Rfc8 13.hxg6 hxg6 14.a3 a6 15.
O-O-O b5 16.g5 Nh5 17.Bxg7 Kxg7 18.f4 Rxc3 19.Qd4+ Kg8 20.Qxc3 Qxc3 21.
bxc3 Nxf4 22.Rh4 Nh5 23.Be2 Rc8 24.Kd2 Rc5 25.Rg1 Re5 26.Bxh5 gxh5 27.Rxh5
Rxe4 28.g6 fxg6 29.Rxg6+ Kf7 30.Rg3 Bc4 31.Re3 Rxe3 32.Kxe3 Kg6 33.Rh4 Kg5
34.Rh8 a5 35.a4 bxa4 36.Ra8 e5 37.Rxa5 a3 38.Rxa3 d5 39.Ra8 Kg4 40.Re8 Kf5
41.Rc8 Kg5 42.Rh8 Kg4 43.Rh6 Kg5 44.Rh7 Kg4 45.Rh8 Kg5 46.Kf3 Ba2 47.Kg3 
Bc4 48.Rf8 1/2-1/2

[Event "53rd World U20 ch"]
[Site "Pune IND"]
[Date "2014.10.17"]
[Round "11.4"]
[White "Cori Tello, Jorge"]
[Black "Rajpara, Ankit"]
[Result "1-0"]
[WhiteElo "2612"]
[BlackElo "2508"]
[EventDate "2014.10.06"]
[PlyCount "115"]

1.d4 d5 2.c4 c6 3.Nc3 Nf6 4.e3 e6 5.Nf3 Nbd7 6.Qc2 Bd6 7.Bd3 O-O 8.O-O 
dxc4 9.Bxc4 b5 10.Be2 Bb7 11.e4 e5 12.dxe5 Nxe5 13.Nd4 Neg4 14.g3 Qb6 15.
Nf5 Bc5 16.Bxg4 Nxg4 17.b4 Bd4 18.Bb2 Be5 19.Qe2 Nf6 20.Na4 Qc7 21.Nc5 Bc8
22.Nd4 a5 23.a3 Bh3 24.Rfc1 axb4 25.axb4 Rxa1 26.Bxa1 Re8 27.f3 Ra8 28.
Ndb3 Bxa1 29.Rxa1 Rxa1+ 30.Nxa1 Be6 31.Qd2 h6 32.Nc2 Bc4 33.Kg2 Qa7 34.
Qd8+ Kh7 35.Qa5 Qe7 36.Qa1 Qd8 37.Qd4 Qa8 38.Qb2 Qa7 39.Nd4 Qc7 40.Nf5 Be6
41.Nd4 Bc4 42.Ndb3 Bxb3 43.Qxb3 Qe7 44.Qa2 g5 45.Qc2 Kg8 46.Nd3 Qe6 47.Nc5
Qe5 48.Qd2 Kg7 49.f4 gxf4 50.gxf4 Qh5 51.Qd3 Kf8 52.h3 Qg6+ 53.Kf2 Ke7 54.
Qd4 Qh5 55.Nb7 Qh4+ 56.Kg2 Kf8 57.Qd8+ Kg7 58.e5 1-0

[Event "53rd World U20 ch"]
[Site "Pune IND"]
[Date "2014.10.17"]
[Round "11.5"]
[White "Beradze, Irakli"]
[Black "Duda, Jan-Krzysztof"]
[Result "0-1"]
[WhiteElo "2318"]
[BlackElo "2599"]
[EventDate "2014.10.06"]
[PlyCount "84"]

1.Nf3 d5 2.c4 e6 3.g3 Nf6 4.Bg2 dxc4 5.Qa4+ Nbd7 6.Qxc4 a6 7.Qc2 c5 8.O-O 
b6 9.Ne1 Rb8 10.f4 Bb7 11.Nf3 Be7 12.b3 O-O 13.Bb2 Nd5 14.Nc3 N7f6 15.Nd1 
Nb4 16.Qc3 Qd7 17.Nf2 Rfd8 18.d3 Nc6 19.e3 Bf8 20.Rad1 Rbc8 21.Ba1 b5 22.
Qb2 Ba8 23.g4 Nd5 24.Rfe1 Qa7 25.Ne5 Nxe5 26.Qxe5 Nb4 27.Qb2 Bxg2 28.Kxg2 
c4 29.dxc4 Rxd1 30.Rxd1 bxc4 31.bxc4 Qxe3 32.a3 Nc6 33.Qb7 Ne7 34.Be5 Rxc4
35.Rd8 Ng6 36.Qb2 Rc1 37.Rxf8+ Nxf8 38.Bd4 Qxf4 39.Bxg7 Ng6 40.Bf6 Qc4 41.
h4 Qc6+ 42.Kh2 Qc7+ 0-1

[Event "53rd World U20 ch"]
[Site "Pune IND"]
[Date "2014.10.17"]
[Round "11.6"]
[White "Bai Jinshi"]
[Black "Indic, Aleksandar"]
[Result "1/2-1/2"]
[WhiteElo "2406"]
[BlackElo "2554"]
[EventDate "2014.10.06"]
[PlyCount "106"]

1.d4 Nf6 2.c4 c5 3.d5 e6 4.Nc3 exd5 5.cxd5 d6 6.g3 g6 7.Bg2 Bg7 8.Nf3 O-O 
9.O-O Re8 10.Re1 a6 11.a4 b6 12.e4 Bg4 13.Bf4 Nh5 14.Bd2 Qc8 15.Qc2 Ra7 
16.Nd1 Rae7 17.Ne3 Rxe4 18.Ng5 R4e5 19.Ne4 Bf5 20.Nc4 Bf8 21.Nxe5 dxe5 22.
Qc4 Bxe4 23.Rxe4 Bd6 24.Bc3 f5 25.Ree1 Nd7 26.Bf1 a5 27.Qb5 Nhf6 28.Qc6 
Qb8 29.Ba6 h5 30.f4 e4 31.Kg2 Kf7 32.Rad1 h4 33.Re2 Rh8 34.Qb7 h3+ 35.Kg1 
Qxb7 36.Bxb7 Rd8 37.Ba6 Ng4 38.Ree1 Ndf6 39.Bf1 Rh8 40.Bc4 Ke7 41.Rd2 Rh7 
42.Rdd1 Kd7 43.Re2 Kc7 44.Ree1 Nd7 45.Bb5 Ndf6 46.Bc4 Kd8 47.Rd2 Ke8 48.
Rdd1 Kf7 49.Ra1 Ke7 50.Rad1 Kf8 51.Bf1 Kf7 52.Bc4 Rg7 53.Bf1 Rh7 1/2-1/2

[Event "53rd World U20 ch"]
[Site "Pune IND"]
[Date "2014.10.17"]
[Round "11.7"]
[White "Dragun, Kamil"]
[Black "Aravindh, Chithambaram"]
[Result "1-0"]
[WhiteElo "2546"]
[BlackElo "2475"]
[EventDate "2014.10.06"]
[PlyCount "101"]

1.d4 Nf6 2.c4 e6 3.Nf3 d5 4.Nc3 Be7 5.Bf4 O-O 6.Rc1 c5 7.dxc5 Bxc5 8.e3 
Nc6 9.a3 d4 10.exd4 Nxd4 11.b4 Nxf3+ 12.Qxf3 Bd4 13.Nb5 e5 14.Bg5 Re8 15.
Bxf6 e4 16.Bxd8 exf3+ 17.Kd2 Rxd8 18.Nxd4 Rxd4+ 19.Ke3 Rd6 20.Kxf3 a5 21.
b5 b6 22.h4 Bb7+ 23.Kg3 Rc8 24.Kh2 Rc5 25.Be2 g5 26.Rhd1 Rf6 27.f3 gxh4 
28.Rd4 Rh6 29.Rcd1 Re5 30.R1d2 h3 31.gxh3 Kg7 32.Kg3 Re3 33.Rg4+ Kf8 34.
Rd8+ Ke7 35.Rb8 Rxe2 36.Rxb7+ Kf8 37.Rb8+ Ke7 38.Rgg8 Ree6 39.Rge8+ Kd7 
40.Rxe6 Rxe6 41.Rb7+ Ke8 42.Kf4 Rh6 43.Ke4 Rh4+ 44.Kd5 Rxh3 45.Rxb6 Rxf3 
46.c5 Kd7 47.Rd6+ Kc8 48.b6 Kb7 49.Rd7+ Kc8 50.Kc6 Rf6+ 51.Rd6 1-0

[Event "53rd World U20 ch"]
[Site "Pune IND"]
[Date "2014.10.17"]
[Round "11.8"]
[White "Vidit, Santosh Gujrathi"]
[Black "Repka, Christopher"]
[Result "1-0"]
[WhiteElo "2635"]
[BlackElo "2418"]
[EventDate "2014.10.06"]
[PlyCount "39"]

1.d4 e6 2.c4 Nf6 3.Nc3 Bb4 4.Qc2 c5 5.dxc5 O-O 6.a3 Bxc5 7.Nf3 Nc6 8.Bg5 
b6 9.Rd1 Be7 10.e4 Ng4 11.Bf4 f5 12.exf5 Rxf5 13.Bg3 g6 14.Be2 Bb7 15.O-O 
Rf7 16.Ne4 Nh6 17.Qd2 Qf8 18.Nfg5 Rg7 19.Nxe6 dxe6 20.Qxh6 1-0

[Event "53rd World U20 ch"]
[Site "Pune IND"]
[Date "2014.10.17"]
[Round "11.9"]
[White "Tari, Aryan"]
[Black "Antipov, Mikhail"]
[Result "1-0"]
[WhiteElo "2450"]
[BlackElo "2524"]
[EventDate "2014.10.06"]
[PlyCount "57"]

1.d4 Nf6 2.c4 e6 3.Nf3 d5 4.g3 Bb4+ 5.Nbd2 O-O 6.Bg2 dxc4 7.O-O c3 8.bxc3 
Bxc3 9.Rb1 Bxd4 10.Ba3 Re8 11.Nc4 Bb6 12.Qc2 Nfd7 13.Rfd1 Qf6 14.Bb2 Qg6 
15.Qa4 f6 16.Nh4 Qf7 17.Qc2 Nf8 18.a4 Nc6 19.Bc3 e5 20.a5 Be6 21.a6 Rad8 
22.axb7 Nb8 23.Rxd8 Rxd8 24.Nxb6 axb6 25.Nf5 Bd5 26.Rd1 c6 27.Bb4 Qxb7 28.
e4 Bxe4 29.Rxd8 1-0

[Event "53rd World U20 ch"]
[Site "Pune IND"]
[Date "2014.10.17"]
[Round "11.10"]
[White "Karthikeyan, Murali"]
[Black "Csonka, Balazs"]
[Result "1-0"]
[WhiteElo "2495"]
[BlackElo "2412"]
[EventDate "2014.10.06"]
[PlyCount "73"]

1.e4 e5 2.Nf3 Nc6 3.Bb5 Nf6 4.O-O Nxe4 5.Re1 Nd6 6.Nxe5 Be7 7.Bd3 Nxe5 8.
Rxe5 O-O 9.Nc3 c6 10.Qf3 Ne8 11.b3 d5 12.Bb2 Bd6 13.Ree1 Qg5 14.Ne2 Qxd2 
15.Ng3 Qg5 16.h3 Nf6 17.Rad1 Be6 18.c4 Rfe8 19.Bb1 Rad8 20.Bc1 Qh4 21.Be3 
Nd7 22.Nf5 Bxf5 23.Qxf5 g6 24.Qc2 d4 25.Bc1 Rxe1+ 26.Rxe1 Nc5 27.b4 d3 28.
Qb2 Ne4 29.Be3 Bf4 30.Bd4 d2 31.Rd1 Qe7 32.Kf1 b6 33.Bh8 Bh6 34.Qe5 Qd7 
35.Bxe4 Re8 36.Rxd2 Qc8 37.Qf6 1-0

[Event "53rd World U20 ch"]
[Site "Pune IND"]
[Date "2014.10.17"]
[Round "11.11"]
[White "Ider, Borya"]
[Black "Bajarani, Ulvi"]
[Result "1/2-1/2"]
[WhiteElo "2394"]
[BlackElo "2496"]
[EventDate "2014.10.06"]
[PlyCount "109"]

1.d4 d5 2.Nf3 Nf6 3.c4 c6 4.Qb3 dxc4 5.Qxc4 Bf5 6.g3 e6 7.Bg2 Nbd7 8.O-O 
Be7 9.Nc3 O-O 10.Re1 Bg6 11.a4 a5 12.Be3 Nd5 13.Nxd5 exd5 14.Qb3 Qb6 15.
Qxb6 Nxb6 16.b3 Bb4 17.Rec1 Rfe8 18.Bh3 f6 19.Kf1 Bh5 20.Ne1 Re7 21.Ra2 
Rae8 22.Rcc2 Bg6 23.Nd3 Bd6 24.Bg4 Bxd3 25.exd3 f5 26.Bf3 Na8 27.Bg5 Re6 
28.Bd2 Bb4 29.Bf4 Nb6 30.g4 fxg4 31.Bxg4 Rg6 32.Be2 Nd7 33.Bg3 Nf8 34.Be5 
Rh6 35.Bg4 Ng6 36.Bg3 Re1+ 37.Kg2 Nh4+ 38.Bxh4 Rxh4 39.Bc8 Rxd4 40.Bxb7 
Rxd3 41.Bxc6 Re6 42.Bd7 Rg6+ 43.Kf1 Rd1+ 44.Ke2 Re1+ 45.Kf3 Rd6 46.Bb5 d4 
47.Rc8+ Kf7 48.Re2 Rd1 49.Be8+ Kf6 50.Rc7 d3 51.Rf7+ Kg6 52.Rf4+ Kh6 53.
Rh4+ Kg5 54.Rg4+ Kh6 55.Rh4+ 1/2-1/2

[Event "53rd World U20 ch"]
[Site "Pune IND"]
[Date "2014.10.17"]
[Round "11.12"]
[White "Bersamina, Paulo"]
[Black "Ducarmon, Quinten"]
[Result "0-1"]
[WhiteElo "2380"]
[BlackElo "2487"]
[EventDate "2014.10.06"]
[PlyCount "112"]

1.e4 c6 2.c4 d5 3.exd5 cxd5 4.cxd5 Nf6 5.Nc3 Nxd5 6.Nf3 Nc6 7.d4 e6 8.Bd3 
Bb4 9.Qc2 Ba5 10.a3 h6 11.O-O O-O 12.Re1 Nf6 13.Bf4 Bd7 14.b4 Bc7 15.Qd2 
Bxf4 16.Qxf4 Ne7 17.Ne4 Ned5 18.Qd2 Nxe4 19.Bxe4 Bc6 20.Ne5 Qd6 21.Nxc6 
Qxc6 22.Rac1 Qd7 23.Rc5 Nf6 24.Bf3 b6 25.Rc3 Rac8 26.Rec1 Rxc3 27.Qxc3 Nd5
28.Qc6 Qxc6 29.Rxc6 Ne7 30.Rd6 Rc8 31.h3 Rc7 32.b5 g6 33.Rd8+ Kg7 34.a4 
Kf6 35.Ra8 h5 36.g4 hxg4 37.hxg4 Kg5 38.Kg2 Kf4 39.Rd8 g5 40.d5 Nxd5 41.
Bxd5 exd5 42.Rxd5 Kxg4 43.Rd6 Kf5 44.Rd5+ Kf6 45.Kf3 Rc3+ 46.Ke2 Ra3 47.
Rd4 Ke6 48.Re4+ Kd6 49.Rd4+ Kc5 50.Re4 f6 51.f3 Kd5 52.Rg4 Rc3 53.a5 Kc5 
54.axb6 axb6 55.Re4 Kxb5 56.f4 Rc4 0-1

[Event "53rd World U20 ch"]
[Site "Pune IND"]
[Date "2014.10.17"]
[Round "11.13"]
[White "Bok, Benjamin"]
[Black "Sunilduth Lyna, Narayanan"]
[Result "1-0"]
[WhiteElo "2591"]
[BlackElo "2420"]
[EventDate "2014.10.06"]
[PlyCount "117"]

1.e4 c6 2.d4 d5 3.e5 Bf5 4.Nf3 e6 5.Be2 Nd7 6.O-O Ne7 7.Nbd2 h6 8.Nb3 g5 
9.Ne1 Qc7 10.Nd3 b6 11.Be3 Bg7 12.Rc1 Bg6 13.f4 Nf5 14.Bd2 a5 15.a4 Qa7 
16.Kh1 Nh4 17.Be1 c5 18.c4 Nf5 19.Bf2 dxc4 20.Rxc4 cxd4 21.Nxd4 Nxd4 22.
Bxd4 Rd8 23.Qc1 Qb8 24.Qe3 O-O 25.fxg5 hxg5 26.Re1 b5 27.axb5 Qxb5 28.Rcc1
Qd5 29.Bf3 Qb5 30.Be2 Qd5 31.Bf3 Qb5 32.Nf2 Qa4 33.Bc3 Qf4 34.Qxf4 gxf4 
35.Nh3 Nc5 36.Nxf4 Bh6 37.Nxg6 fxg6 38.Rc2 Nd3 39.Ra1 Bf4 40.Re2 a4 41.Bg4
Kh7 42.g3 Bxe5 43.Bxe5 Nf2+ 44.Rxf2 Rxf2 45.Bc3 Rdf8 46.Rxa4 Kh6 47.Rf4 
R8xf4 48.gxf4 g5 49.fxg5+ Kxg5 50.Bxe6 Kf4 51.Kg1 Rc2 52.Bb3 Re2 53.Bd1 
Re8 54.Kf2 Rd8 55.Be2 Rd7 56.h4 Rd5 57.h5 Rd6 58.h6 Rd7 59.Bg7 1-0

[Event "53rd World U20 ch"]
[Site "Pune IND"]
[Date "2014.10.17"]
[Round "11.14"]
[White "Kovalev, Vladislav"]
[Black "Arat, Ufuk Sezen"]
[Result "1-0"]
[WhiteElo "2548"]
[BlackElo "2357"]
[EventDate "2014.10.06"]
[PlyCount "167"]

1.e4 c6 2.d4 d5 3.Nd2 dxe4 4.Nxe4 Bf5 5.Ng3 Bg6 6.h4 h6 7.Nf3 Nd7 8.h5 Bh7
9.Bd3 Bxd3 10.Qxd3 e6 11.Bf4 Ngf6 12.O-O-O Be7 13.Ne5 O-O 14.Qe2 a5 15.c4 
a4 16.Rh3 a3 17.b3 Qa5 18.Ne4 Rad8 19.Rg3 Nxe4 20.Qxe4 Bf6 21.Bd2 Qc7 22.
Bxh6 Nxe5 23.Bf4 c5 24.dxe5 Rxd1+ 25.Kxd1 Rd8+ 26.Kc2 Bh4 27.Rf3 Rd4 28.
Qe2 b5 29.g3 bxc4 30.bxc4 Qb7 31.Rb3 Qa6 32.Rb8+ Kh7 33.Kb3 Bd8 34.Qc2+ g6
35.hxg6+ fxg6 36.Be3 Rd7 37.Qe4 Qa5 38.Bc1 Qa7 39.Qa8 Qc7 40.Qh1+ Kg8 41.
Qa8 Rd1 42.Kc2 Qd7 43.Qe4 Kg7 44.Rb7 Bc7 45.Rxc7 Rxc1+ 46.Kxc1 Qxc7 47.Qe3
Qa5 48.Kc2 Qa4+ 49.Qb3 Qa8 50.Qb5 Qe4+ 51.Kb3 Qxe5 52.Kxa3 Qc3+ 53.Ka4 
Qc2+ 54.Ka5 Qxa2+ 55.Kb6 Qxf2 56.Qxc5 Qxg3 57.Qe7+ Kh6 58.c5 Qb8+ 59.Kc6 
g5 60.Kd7 Qb7+ 61.Ke8 Qe4 62.Kd7 Qb7+ 63.Kxe6 Qe4+ 64.Kd7 Qb7+ 65.Kd6 Qb8+
66.Kd7 Qb7+ 67.Ke8 Qc8+ 68.Kf7 Kh5 69.Qd6 Qb7+ 70.Ke8 Qc8+ 71.Ke7 Qb7+ 72.
Qd7 Qe4+ 73.Qe6 Qb7+ 74.Kf6 Qf3+ 75.Kg7 Qc3+ 76.Kf7 Qf3+ 77.Kg8 g4 78.c6 
g3 79.c7 g2 80.Qe5+ Kh4 81.Qd4+ Kg3 82.c8=Q Kh2 83.Qh4+ Kg1 84.Qc1+ 1-0

[Event "53rd World U20 ch"]
[Site "Pune IND"]
[Date "2014.10.17"]
[Round "11.16"]
[White "Prasanna, Raghuram Rao"]
[Black "Von Meijenfeldt, Bart"]
[Result "1/2-1/2"]
[WhiteElo "2447"]
[BlackElo "2354"]
[EventDate "2014.10.06"]
[PlyCount "155"]

1.d4 Nf6 2.Bg5 e6 3.e3 c5 4.c3 h6 5.Bh4 cxd4 6.exd4 Be7 7.Bd3 O-O 8.Nf3 d6
9.Nbd2 Nc6 10.O-O Nh5 11.Bxe7 Qxe7 12.Re1 Nf4 13.Nc4 Rd8 14.Bb1 e5 15.Ne3 
Qf6 16.g3 Nh3+ 17.Kg2 Ng5 18.Nxg5 hxg5 19.Be4 exd4 20.Nd5 Qh6 21.cxd4 Be6 
22.Kg1 Bxd5 23.Bxd5 Qf6 24.Bxc6 bxc6 25.Rc1 c5 26.b3 cxd4 27.Rc4 Re8 28.
Rxe8+ Rxe8 29.Rxd4 Re6 30.Kg2 g6 31.Rd5 Qb2 32.Rd2 Qe5 33.Qf3 Kg7 34.a4 
Qc5 35.Qd5 Rf6 36.Qe4 d5 37.Qd4 Qxd4 38.Rxd4 Rb6 39.Rxd5 Rxb3 40.Rd7 a6 
41.Rd6 g4 42.Rxa6 Rb2 43.Rd6 Rb4 44.a5 Ra4 45.a6 Ra2 46.Rb6 Kg8 47.h3 
gxh3+ 48.Kxh3 Kg7 49.Kg2 Ra3 50.Rc6 Kh6 51.Rb6 Kg7 52.f4 Ra2+ 53.Kf3 Ra3+ 
54.Kf2 Ra2+ 55.Ke3 Ra3+ 56.Kd4 Rxg3 57.a7 Ra3 58.Rb7 Kf6 59.Kd5 Ra1 60.Rc7
Ra2 61.Kc6 Ke6 62.Kb7 Rb2+ 63.Kc8 Ra2 64.Kb8 f6 65.Rc5 Kd6 66.Rb5 Kc6 67.
Rb1 Kd5 68.Rb6 g5 69.fxg5 fxg5 70.Kb7 Rxa7+ 71.Kxa7 Ke4 72.Rg6 Kf4 73.Kb6 
g4 74.Kc5 g3 75.Kd4 Kf3 76.Rf6+ Ke2 77.Rg6 Kf2 78.Ke4 1/2-1/2